South Eastern Kenya University

Library Online Public Access Catalogue


Chemistry: a molecular approach (Record no. 15442)

MARC details
000 -LEADER
fixed length control field 00530nam a22002177a 4500
003 - CONTROL NUMBER IDENTIFIER
control field OSt
005 - DATE AND TIME OF LATEST TRANSACTION
control field 20161018103604.0
008 - FIXED-LENGTH DATA ELEMENTS--GENERAL INFORMATION
fixed length control field 161018b xxu||||| |||| 00| 0 eng d
020 ## - INTERNATIONAL STANDARD BOOK NUMBER
International Standard Book Number 1256733482
020 ## - INTERNATIONAL STANDARD BOOK NUMBER
International Standard Book Number 9781256733485
040 ## - CATALOGING SOURCE
Original cataloging agency SEKU
050 ## - LIBRARY OF CONGRESS CALL NUMBER
Classification number QD453.3
Item number .T759 2011
100 ## - MAIN ENTRY--PERSONAL NAME
Relator code Tro, Nivaldo J.
245 ## - TITLE STATEMENT
Title Chemistry: a molecular approach
250 ## - EDITION STATEMENT
Edition statement 2nd. ed
260 ## - PUBLICATION, DISTRIBUTION, ETC. (IMPRINT)
Place of publication, distribution, etc. New Jersey :
Name of publisher, distributor, etc. Prentice Hall,
Date of publication, distribution, etc. 2011.
300 ## - PHYSICAL DESCRIPTION
Extent 453 p. ;
504 ## - BIBLIOGRAPHY, ETC. NOTE
Bibliography, etc Includes index
650 ## - SUBJECT ADDED ENTRY--TOPICAL TERM
Source of heading or term Chemistry
942 ## - ADDED ENTRY ELEMENTS (KOHA)
Source of classification or shelving scheme Library of Congress Classification
Koha item type General circulation
Holdings
Withdrawn status Lost status Source of classification or shelving scheme Damaged status Not for loan Home library Current library Shelving location Date acquired Source of acquisition Total Checkouts Full call number Barcode Date last seen Price effective from Koha item type
    Library of Congress Classification   Not For Loan Main Campus Library Main Campus Library General Stacks 18/10/2016 Donation Books for Africa   QD 453.3 .T759 2011 V.1 2016/019213 18/10/2016 18/10/2016 General circulation
Kitui, Kenya.
+254736116989
library@seku.ac.ke